000 00911cam a2200241 i 4500
003 SA-RiAUC
005 20251120134458.0
008 251019s1997 ye g 000k0 ara c
040 _aSA-JeALM
_bara
_cSA-RiAUC
_erda
082 0 4 _a252.2
090 _a252.2
_bع ل ي
100 1 _aعلي الأمير، علي بن إبراهيم بن محمد،
_d1171-1219 هجري
_eمؤلف.
245 1 0 _aتشنيف الأذان بأسرار الأذان /
_cتأليف علي بن إبراهيم الأمير.
264 1 _aصنعاء :
_bدار الحرمين،
_c1998
300 _a79 صفحة ؛
_c22 سم
336 _aنص
_btxt
_2rdacontent
_3كتاب
337 _aبدون وسيط
_bn
_2rdamedia
338 _aمجلد
_bnc
_2rdacarrier
650 7 _aالأذان والإقامة
_2aucsh
650 7 _aالصلاة (إسلام)
_2aucsh
942 _2ddc
_cBOOK
_n0
949 _aSA-JeALM
_d251019
_umohamedma123
_n1
999 _c13388
_d13388